| 000 | 00516nam a2200217Ia 4500 | ||
|---|---|---|---|
| 003 | OSt | ||
| 005 | 20140313095057.0 | ||
| 008 | 140130s9999 xx 000 0 und d | ||
| 020 | _a9780516244907 | ||
| 050 |
_aTL 782.5 _b.B74 2004 |
||
| 100 | _aBredeson, Carmen | ||
| 245 |
_aLiftoff! / _cCarmen Bredeson. |
||
| 260 |
_bScholastic, _c2003. _aNew York : |
||
| 300 |
_a30 p. : _bcol. ill. ; _c17 cm. |
||
| 440 | _v1 | ||
| 521 | _aG2 | ||
| 526 | _c440 | ||
| 942 |
_cBK _2lcc |
||
| 999 |
_c40354 _d40354 |
||